000 01396nam a2200241Ii 4500
003 JO-AjNU
005 20240629101826.0
008 230605s9999||||xx |||||||||||||| ||und||
040 _aJO-AjNU
_bara
_erda
_cJO-AjNU
041 _aara
050 1 4 _aK3367 2021
100 1 _aالزغول، جبريل عكاشة مصطفى
_eمعد
_965756
245 0 _aتعدد العقوبات في حالتي الاجتماع المادي والمعنوي للجرائم: دراسة مقارنة بين القانون الأردني والشريعة الإسلامية = Multiplicity of penalties in the Cases of the Material and Moral Meeting OF THE Crimes: A Comparative study Between Jordanian law and islamic law /
_cاعداد جبريل عكاشة مصطفى الزغول؛ اشراف عبدالله ماجد العكايلة
264 3 1 _a 2021
300 _a119 ورقة
336 _atext
_btxt
_2rdacontent
337 _aunmediated
_bn
_2rdamedia
338 _avolume
_bnc
_2rdacarrier
500 _aرسالة جامعية(اطروحة ماجستير) جامعة عجلون الوطنية: كلية الحقوق، تخصص القانون، 2021
650 4 _aالعقوبات - الجرائم المادية والمعنوية- القانون الاردني - التشريع الاسلامي
_961223
700 1 _a العكايلة ، عبدالله ماجد
_925034
_eمشرف
942 _2lcc
_cTHS
999 _c31226
_d31226